000 00947nam a22002777a 4500
999 _c29335
_d29306
003 EG-ScBUE
005 20210808122628.0
008 200219s2021 gw a f 000 0 eng d
020 _a9783766725103
040 _aEG-ScBUE
_beng
_erda
_cEG-ScBUE
_dEG-ScBUE
082 0 4 _a740
_bFAS
_222
245 1 4 _aThe Fashion yearbook 2021 :
_bbest of campaigns, editorials covers /
_cedited by Julia Zirpel, art direction by Fiona Hayes ; Katja Sonnewenf, picture editor.
250 _aFirst edition.
264 1 _aMunich :
_bCallwey GmbH,
_c2021.
300 _a240 Pages :
_billustrations (some color) ;
_c30 cm
336 _2rdacontent
_atext
_btxt
337 _2rdamedia
_aunmediated
_bn
338 _2rdacarrier
_avolume
_bnc
650 7 _aFashion design.
_2BUEsh
653 _bART
_cAugust2021
655 _vReading book
_934232
700 1 _aZirpel, Julia,
_eeditor.
700 1 _aHayes, Fiona,
_eeditor.
942 _2ddc
_cBB